00968 a2200265 4500003000500000005001700005020003800022020001500060040000900075082001400084100003200098245011300130250001300243260003400256300002200290505010500312650003200417650002700449650002600476650002600502700002100528942001200549999001900561952012200580Nust20221027104517.0 a0-471-55221-6 (International ed.) a997151172X cNust a621.3,SMI1 aSmith, Ralph Judson910146900aCircuits, devices and systems :ba first course in electrical engineering /cRalph J. Smith, Richard C. Dorf a5th. ed. aNew York :bWiley,ccop. 1992 axi, 868 p :bill. a Part 1:- Circuits (Page-1), Part 2:- Electronics (Page-304), Part 3:- Electromechanics (Page-658),  0aElectric engineering941136 0aElectrical engineering 0aElektroteknik9101470 0aElektroteknik91014701 aDorf, Richard C. 2ddccBK c188551d188551 00102ddc4070aMCSbMCScGENd2016-12-12o621.3,SMIpMCS7343r2016-12-08w2016-12-12yBKzAlmirah No.28, Shelf No.4